000 00918nas a2200253Ia 4500
001 R142/77669
003 IT-RoPAU
008 151124c99999999xx |||||||||||| ||und||
040 _aIT-RoPAU
040 _cIT-RoPAU
041 _aFRANCESE
100 _aDu Castel Francois
_gCodice Aut. SPICS: 37314
210 _aRESEAUX
222 _aReseaux
245 _aRESEAUX, N.043 (SETTEMBRE/OTTOBRE 1990)
_bLibre Opinion - Technique Et Ethique: Autopsie D'Un Reseau De Communication
250 _a1a ed.
260 _aPARIS
_bCNET
_c1990
501 _bPaulus - SPICS - Società San Paolo EM (non-commercial uses only)
_cCopyright2015
300 _a7 p. [127-133]
362 _aN.043 (SETTEMBRE/OTTOBRE 1990)
500 _aLibera Opinione: Tecnica ed Etica: Autopsia di una Rete di Comunicazione. Rete e Forze Produttive. Rete e Rapporti Sociali.
650 _aCOMUNICAZIONE
_vPUBBLICAZIONE PERIODICA
942 _cCR
999 _c190981
_d190981